| 000 | 00441cam a2200193 4500 | ||
|---|---|---|---|
| 001 | D6599 | ||
| 008 | 090401t1965 xxu||||| |||| 00| 0 eng d | ||
| 035 | _a(Sirsi) u1821 | ||
| 041 | _aeng | ||
| 050 | _a711.14 | ||
| 100 | _aLeach, W. A. | ||
| 245 | _aDisturbance on compulsory purchase | ||
| 250 | _a2nd | ||
| 260 |
_aLondon _bEstates Gazette _c1965 |
||
| 300 | _axv. 136p. 23cm | ||
| 350 | _a1.5 | ||
| 942 | _n0 | ||
| 948 | _c04/03/1997 | ||
| 999 |
_c85701 _d85701 |
||